| Tag |
First Indicator |
Second Indicator |
Subfields |
| LEADER |
00000cam a2200000 4500 |
| 001 |
in00000730833 |
| 005 |
20151016070035.0 |
| 008 |
750911s1944 iluaf 00010 eng |
| 010 |
|
|
|a 44046809
|
| 035 |
|
|
|a (OCoLC)01618676
|
| 035 |
|
|
|9 ADE2207AM
|
| 040 |
|
|
|a DLC
|c DZM
|d TXA
|d UtOrBLW
|
| 049 |
|
|
|a TXAM
|c 1 [146996]
|c 2 [146997]
|
| 050 |
0 |
0 |
|a TT325
|b .N3 1944
|
| 082 |
0 |
|
|a 698.3
|
| 092 |
|
|
|a 698.3
|b V242w
|
| 100 |
1 |
|
|a Vanderwalker, F. N.
|q (Fred Norman),
|d 1885-1945.
|
| 245 |
1 |
0 |
|a Wood finishing, plain and decorative ;
|b methods, materials, and tools for natural, stained, varnished, waxed, oiled, enameled, and painted finishes. Antiqued, stippled, streaked and rough glazed finishes. Stain making formulas /
|c By F. N. Vanderwalker ...
|
| 264 |
|
1 |
|a Chicago :
|b F.J. Drake & co.,
|c [1944]
|
| 300 |
|
|
|a 1 page ., 5-361 (i.e. 383) pages including illustrations, plates, diagrams ;
|c 19 cm.
|
| 336 |
|
|
|a text
|b txt
|2 rdacontent
|
| 337 |
|
|
|a unmediated
|b n
|2 rdamedia
|
| 338 |
|
|
|a sheet
|b nb
|2 rdacarrier
|
| 500 |
|
|
|a Includes 27 extra-numbered pages.
|
| 650 |
|
0 |
|a Wood finishing.
|
| 999 |
|
|
|a MARS
|
| 999 |
f |
f |
|s 6fdda16a-fb31-33af-a4e1-deca67391c7c
|i 77acbaee-6c3f-3358-b3e6-57dd2a35060e
|t 0
|
| 952 |
f |
f |
|p ric
|a Texas A&M University
|b Rellis Campus
|c Joint Library Facility
|d Remote Storage
|t 0
|e TT325 .N3 1944
|h Library of Congress classification
|i unmediated -- sheet
|m A14801142917
|
| 998 |
f |
f |
|a TT325 .N3 1944
|t 0
|l Remote Storage
|